000 00927nam a22002777a 4500
003 URS
005 20240529175357.0
008 200221t2022 ph ||||| |||| 00| 0 eng d
020 _a9786214510276
040 _cDLC
_aDLC
_beng
_dDLC
_dURS
_erda
050 1 4 _aLB 1029.C53
_bM761 2022
082 _a371.25
_bM761 2022
100 1 _aMontalbo, Imelda C.
245 1 4 _aTeaching multigrade classes /
_cEmelda C. Montalbo, Dev EdD, Charlo M. Iradel, EdD, Noremy B. Perez, Dev EdD.
264 1 _aQuezon City :
_bLorimar Publishing Inc.,
_c[2022]
264 4 _ccopyright 2022
300 _axx, 140 pages ;
_c24 cm
336 _2rdacontent
_atext
_btxt
337 _2rdamedia
_bunmediated
_an
338 _2rdacarrier
_bvolume
_anc
504 _aIncludes bibliographical references (pages 134-135).
650 0 _aCombination of grades
_zPhilippines
700 _aIradles, Charlo M.
700 _aPerez, Noremay B.
942 _2ddc
_cF
999 _c78138
_d78137